Online
Catalog

Memoria correspondiente al año 1927 que al ciudadano presidente de la República presenta el Sr. Andrés Pastoriza. (Record no. 32877)

MARC details
000 -CABECERA
campo de control de longitud fija 00573nam a2200145 a 4500
001 - NÚMERO DE CONTROL
campo de control 000033386
005 - FECHA Y HORA DE LA ÚLTIMA TRANSACCIÓN
campo de control 20200930070225.0
008 - DATOS DE LONGITUD FIJA--INFORMACIÓN GENERAL
campo de control de longitud fija 110825s1928 dr acd 000 0 spa d
040 ## - FUENTE DE LA CATALOGACIÓN
Centro catalogador/agencia de origen DO-SdBNP
Lengua de catalogación spa
Centro/agencia transcriptor BNPHU
049 ## - FONDOS LOCALES (OCLC)
Fondos de biblioteca BNPD
110 1# - ENTRADA PRINCIPAL--NOMBRE DE ENTIDAD CORPORATIVA
Nombre de entidad corporativa o nombre de jurisdicción como elemento de entrada República Dominicana
Unidad subordinada Secretaría de Estado de Fomento y Comunicaciones
9 (RLIN) 58958
245 10 - MENCIÓN DE TÍTULO
Título Memoria correspondiente al año 1927 que al ciudadano presidente de la República presenta el Sr. Andrés Pastoriza.
260 ## - PUBLICACIÓN, DISTRIBUCIÓN, ETC.
Fecha de publicación, distribución, etc. Santo Domingo :
Nombre del editor, distribuidor, etc. Imprenta Viuda García, Sucesores,
Fecha de publicación, distribución, etc. 1928.
300 ## - DESCRIPCIÓN FÍSICA
Extensión v. :
Otras características físicas il., gráf., retrs. ;
Dimensiones 29 cm.
Holdings
Estado de retiro Estado de pérdida Restricciones de uso No para préstamo Código de colección Localización permanente Ubicación/localización actual Ubicación en estantería Fecha de adquisición Número de inventario Total de préstamos Signatura topográfica completa Código de barras Fecha visto por última vez Precio válido a partir de Tipo de ítem Koha Nota pública
      Excluido de préstamo Raros y valiosos Patrimonio Dominicano Patrimonio Dominicano En catalogación 25.08.2011 LF1   33386-10 25.06.2020 25.06.2020 No se presta Perteneció a la biblioteca personal de Julio Ortega Frier.

Powered by Koha